Artists That Have Worked with Swizz Beatz - Statistics

General Stats
  • This quiz has been taken 2 times
  • The average score is 15 of 58
Answer Stats
Artist % Correct
Chris Brown
100%
Kendrick Lamar
100%
Young Thug
100%
2 Chainz
50%
Benny the Butcher
50%
Black Thought
50%
Busta Rhymes
50%
DMX
50%
Eminem
50%
Eve
50%
French Montana
50%
Jadakiss
50%
Jay-Z
50%
Jim Jones
50%
Kanye West
50%
Killer Mike
50%
Lil Durk
50%
Lil Wayne
50%
Lloyd Banks
50%
Nas
50%
Nicki Minaj
50%
Pusha T
50%
Rick Ross
50%
Scar Lip
50%
Sheek Louch
50%
Styles P
50%
T.I.
50%
A$AP Rocky
0%
A Boogie wit Da Hoodie
0%
A.CHAL
0%
Aine Zione
0%
Alicia Keys
0%
BIA
0%
Blackway
0%
Cassidy
0%
DJ Snake
0%
Fabolous
0%
Fivio Foreign
0%
Freddie Gibbs
0%
Giggs
0%
Gucci Mane
0%
Jay Electronica
0%
Jeremih
0%
Jidenna
0%
Larry June
0%
Ludacris
0%
Maino
0%
Meek Mill
0%
Memphis Black
0%
Nipsey Hussle
0%
OJ Da Juiceman
0%
Ronald Isley
0%
Ryan Weslie
0%
Saint JHN
0%
Snoop Dogg
0%
The Game
0%
Travis Barker
0%
YG
0%
No matching quizzes found
Score Distribution
Percent of People with Each Score
Percentile by Number Answered
Your Score History
You have not taken this quiz